[Event "CAMPEONATO DE ESPAÑA ABSOLUTO"]
[Site "EL SAUZAL - TENERIFE - ISLAS CANARIAS"]
[Date "2010.09.12"]
[Round "9"]
[Board "44"]
[White "Diaz Sanchez, Jose Francisco"]
[Black "Korneev, Svyatoslav"]
[Result "1/2-1/2"]
[WhiteElo "1909"]
[BlackElo "1787"]
[PlyCount "128"]
[EventDate "2010.09.04"]
[EventRounds "9"]
[EventCountry "ESP"]

1.e4 e6 2.d4 d5 3.exd5 exd5 4.Nf3 Nf6 5.c4 c6 6.Nc3 Be6 7.Qb3 Qb6 8.Qa4 Nbd7
9.c5 Qc7 10.Bd3 Be7 11.Bg5 O-O 12.O-O b6 13.cxb6 axb6 14.Qc2 Bd6 15.Rfe1 h6
16.Bxf6 Nxf6 17.Bf5 Bxf5 18.Qxf5 Rfe8 19.a3 Qd7 20.Qxd7 Nxd7 21.Kf1 Be7 22.Re2
Bf6 23.Rae1 Rxe2 24.Rxe2 b5 25.g3 Kf8 26.h3 Rb8 27.Na2 Rb6 28.Nb4 Be7 29.Nd3 Ra6
30.Rc2 f6 31.Ke2 g5 32.g4 Kf7 33.Nd2 f5 34.f3 Kf6 35.Nb3 fxg4 36.hxg4 Bd6
37.Nbc5 Bxc5 38.Nxc5 Nxc5 39.Rxc5 Ke6 40.Rc3 Kd6 41.b4 Ra8 42.Re3 Rf8 43.Kd3 Rf4
44.Kc3 Kd7 45.Kd3 h5 46.gxh5 Rh4 47.Kc3 Rxh5 48.Re5 Kd6 49.Kb3 Rh4 50.Kc3 Rf4
51.Rxg5 Rxf3+ 52.Kb2 Ke6 53.Rg6+ Rf6 54.Rg2 Kf7 55.Rc2 Re6 56.Kb3 Kf6 57.Rf2+
Ke7 58.Rh2 Re4 59.Rh7+ Kf6 60.Rc7 Re6 61.a4 bxa4+ 62.Kxa4 Kf5 63.b5 cxb5+
64.Kxb5 Re3 1/2-1/2

[Event "CAMPEONATO DE ESPAÑA ABSOLUTO"]
[Site "EL SAUZAL - TENERIFE - ISLAS CANARIAS"]
[Date "2010.09.12"]
[Round "9"]
[Board "45"]
[White "Orti Boix, Miquel Lluis"]
[Black "Capote Robayna, Johanna"]
[Result "1-0"]
[WhiteElo "1889"]
[BlackElo "1740"]
[PlyCount "133"]
[EventDate "2010.09.04"]
[EventRounds "9"]
[EventCountry "ESP"]

1.e4 c5 2.c3 d5 3.exd5 Qxd5 4.d4 cxd4 5.cxd4 Nf6 6.Nf3 Bg4 7.Be2 e6 8.O-O Be7
9.Bf4 O-O 10.Nc3 Qd8 11.h3 Bh5 12.g4 Bg6 13.Qb3 Nc6 14.Rfd1 Na5 15.Qa4 Nd5
16.Bg3 a6 17.Nxd5 Qxd5 18.Ne5 Rac8 19.Rac1 Rfd8 20.b4 Nc6 21.Nxg6 hxg6 22.Bc4
Qf3 23.Rd3 b5 24.Rxf3 bxa4 25.Bxa6 Nxd4 26.Rxc8 Nxf3+ 27.Kg2 Rxc8 28.Bxc8 Ne1+
29.Kf1 Nc2 30.b5 Bc5 31.Bc7 Nb4 32.b6 Nxa2 33.b7 Ba7 34.b8=Q Bxb8 35.Bxb8 Nc3
36.Be5 Nb1 37.Ke1 a3 38.Ba6 f6 39.Ba1 a2 40.Kd1 Kf8 41.Bc4 Ke7 42.Bxa2 Na3
43.Bc3 Nb5 44.Bb4+ Kd7 45.Bc4 Nd4 46.Bf8 Nf3 47.Bxg7 f5 48.gxf5 exf5 49.Bf6 g5
50.Bd5 Ng1 51.Bg2 g4 52.h4 Ke6 53.Bg5 Nh3 54.Bxh3 gxh3 55.Bf4 Kf6 56.Ke2 Kg6
57.Kf3 Kh5 58.Bg5 f4 59.Be7 Kg6 60.Bd6 Kh5 61.Bxf4 Kxh4 62.Bg3+ Kg5 63.Ke4 Kg4
64.Bh2 Kg5 65.f4+ Kf6 66.Kf3 Kf5 67.Kg3 1-0

[Event "CAMPEONATO DE ESPAÑA ABSOLUTO"]
[Site "EL SAUZAL - TENERIFE - ISLAS CANARIAS"]
[Date "2010.09.12"]
[Round "9"]
[Board "49"]
[White "Javaloy Guerrero, Manuel A"]
[Black "Abreu Perez, Abigail"]
[Result "1-0"]
[WhiteElo "1934"]
[BlackElo "1395"]
[PlyCount "39"]
[EventDate "2010.09.04"]
[EventRounds "9"]
[EventCountry "ESP"]

1.e4 c5 2.Nf3 Nc6 3.d4 cxd4 4.Nxd4 Qb6 5.Nb3 e6 6.Be3 Qc7 7.Nc3 a6 8.Qd2 Bd6
9.f4 Bb4 10.O-O-O Nf6 11.Bd3 d5 12.Bc5 Bxc3 13.Qxc3 Qxf4+ 14.Kb1 dxe4 15.Bc4 b5
16.Bd6 Qg5 17.h4 Qg6 18.Bxb5 Kd8 19.Bxc6 Ra7 20.Qa5+ 1-0

[Event "CAMPEONATO DE ESPAÑA ABSOLUTO"]
[Site "EL SAUZAL - TENERIFE - ISLAS CANARIAS"]
[Date "2010.09.12"]
[Round "9"]
[Board "52"]
[White "Rodriguez Govea, Elizabeth"]
[Black "Darias Darias, Luis"]
[Result "1/2-1/2"]
[WhiteElo "1479"]
[BlackElo "1877"]
[PlyCount "53"]
[EventDate "2010.09.04"]
[EventRounds "9"]
[EventCountry "ESP"]

1.e4 d5 2.exd5 Qxd5 3.Nc3 Qa5 4.d4 c6 5.Nf3 Bg4 6.g3 Nd7 7.Bf4 e6 8.a3 g5 9.Be3
h6 10.h3 Bh5 11.g4 Bg6 12.Bd3 Ne7 13.b4 Qc7 14.Bxg6 Nxg6 15.h4 gxh4 16.Nxh4
O-O-O 17.Nxg6 fxg6 18.g5 h5 19.Qf3 e5 20.Qf7 Qd6 21.O-O-O a5 22.dxe5 Nxe5
23.Rxd6 Nxf7 24.Rxd8+ Kxd8 25.bxa5 Bxa3+ 26.Kd2 Re8 27.Kd1 1/2-1/2

[Event "CAMPEONATO DE ESPAÑA ABSOLUTO"]
[Site "EL SAUZAL - TENERIFE - ISLAS CANARIAS"]
[Date "2010.09.12"]
[Round "9"]
[Board "54"]
[White "Granja Fuentes, Jorge"]
[Black "Gonzalez Garcia, Zoilo"]
[Result "1/2-1/2"]
[WhiteElo "1826"]
[BlackElo "1572"]
[PlyCount "37"]
[EventDate "2010.09.04"]
[EventRounds "9"]
[EventCountry "ESP"]

1.e4 c6 2.Nc3 d5 3.Nf3 Bg4 4.exd5 cxd5 5.d4 Nc6 6.Be2 e6 7.O-O Bd6 8.Nb5 a6
9.Nxd6+ Qxd6 10.c3 Nge7 11.Qc2 O-O 12.b4 h5 13.a4 h4 14.b5 Bxf3 15.Bxf3 Na5
16.Ba3 Qf4 17.Qe2 Nf5 18.bxa6 Nc4 19.a7 1/2-1/2

[Event "CAMPEONATO DE ESPAÑA ABSOLUTO"]
[Site "EL SAUZAL - TENERIFE - ISLAS CANARIAS"]
[Date "2010.09.12"]
[Round "9"]
[Board "55"]
[White "Medina Sanchez, Gines"]
[Black "Garcia Lorenzo, Jaime"]
[Result "1-0"]
[WhiteElo "1724"]
[BlackElo "1319"]
[PlyCount "103"]
[EventDate "2010.09.04"]
[EventRounds "9"]
[EventCountry "ESP"]

1.Nf3 c5 2.b3 Nc6 3.Bb2 e5 4.Nxe5 Nxe5 5.Bxe5 d6 6.Bb2 Be7 7.Bxg7 Bf6 8.Bxf6
Qxf6 9.Nc3 Be6 10.e3 Ne7 11.Bb5+ Kf8 12.Qf3 Qg6 13.Bd3 Bf5 14.Bxf5 Nxf5 15.O-O-O
Rb8 16.h4 h5 17.Kb1 b5 18.g3 a5 19.d3 a4 20.Kc1 Qg7 21.Kd2 b4 22.Nxa4 Qf6 23.e4
Qh6+ 24.Qf4 Qxf4+ 25.gxf4 Nd4 26.Rc1 Rg8 27.Ke3 Re8 28.Nb6 Rg4 29.Nd5 Nf5+
30.Ke2 Nd4+ 31.Kf1 Re6 32.f5 Rh6 33.Rh3 Rh8 34.f3 Nxf3 35.Rxf3 Rxh4 36.Kg2 Rg8+
37.Rg3 Rhg4 38.Rxg4 Rxg4+ 39.Kh3 Kg7 40.Rf1 Kh6 41.Ne3 Rg8 42.Kh2 h4 43.Rg1 Ra8
44.Kh3 Kh5 45.Rg4 Rxa2 46.Rxh4+ Kg5 47.Rg4+ Kh5 48.Kg3 Ra1 49.Kf4 f6 50.Rg2 Rh1
51.Rg8 Kh6 52.Rh8+ 1-0

[Event "CAMPEONATO DE ESPAÑA ABSOLUTO"]
[Site "EL SAUZAL - TENERIFE - ISLAS CANARIAS"]
[Date "2010.09.12"]
[Round "9"]
[Board "56"]
[White "Rodriguez Govea, Alejandro Jose"]
[Black "Dos-Reis Cabrera, Jose Manuel"]
[Result "1-0"]
[WhiteElo "1504"]
[BlackElo "1360"]
[PlyCount "45"]
[EventDate "2010.09.04"]
[EventRounds "9"]
[EventCountry "ESP"]

1.e4 e5 2.Nf3 Nc6 3.Bb5 Nf6 4.O-O Bc5 5.Re1 O-O 6.h3 a6 7.Ba4 Re8 8.c3 Na7 9.d4
b5 10.Bc2 Bd6 11.Bg5 Nc6 12.Nbd2 h6 13.Bh4 Na5 14.Nf1 c5 15.dxe5 Bxe5 16.Nxe5
Rxe5 17.f4 Re6 18.e5 Qc7 19.exf6 g6 20.f5 gxf5 21.Bxf5 Rxe1 22.Qg4+ Kf8 23.Qg7+ 1-0